| 000 | 00620nam a2200181Ia 4500 | ||
|---|---|---|---|
| 008 | 090124s9999 xx 000 0 und d | ||
| 082 | _b6381 | ||
| 100 | _aधुरी विरेंद्र ह. | ||
| 245 | _a सागरा ! तुझ्य़ा आड | ||
| 250 | _a1 | ||
| 260 |
_bसुलेखा प्रकाशन _c1974 |
||
| 300 | _a136 | ||
| 600 | _aधुरी विरेंद्र ह. | ||
| 630 | _a सागरा ! तुझ्य़ा आड | ||
| 700 | _aधुरी विरेंद्र ह. | ||
| 730 | _a सागरा ! तुझ्य़ा आड | ||
| 942 | _cBOOK | ||
| 999 |
_c84712 _d84712 |
||